000 00412nam a2200145 a 4500
001 000033323
005 20200930070158.0
008 110824s1950 dr 000 0 spa d
040 _aDO-SdBNP
_bspa
_cBNPHU
100 1 _aChiniquy, Carlos
_958915
245 1 3 _aEl cura, la mujer y el confesonario /
_cCarlos Chiniquy.
260 _a[Santo Domingo] :
_b[s.n.],
_c1950.
300 _a160 p. ;
_c19 cm.
049 _aBNPD
999 _c32814
_d32814